Raymond E. Feist Bibliography - Statistics

General Stats
  • This quiz has been taken 9 times
  • The average score is 13 of 43
Answer Stats
Type Year Name % Correct
Novel 1987 Daughter of the Empire
100%
Novel 1982 Magician
100%
Novel 1992 Mistress of the Empire
100%
Novel 1995 Rise of a Merchant Prince
100%
Novel 1990 Servant of the Empire
100%
Novel 1986 A Darkness at Sethanon
80%
Novel 2003 Jimmy the Hand
80%
Novel 1988 Faerie Tale
60%
Novel 1998 Krondor: The Betrayal
60%
Novel 1989 Prince of the Blood
60%
Novel 1997 Rage of a Demon King
60%
Novel 1998 Shards of a Broken Crown
60%
Novel 1985 Silverthorn
60%
Novel 1992 The King's Buccaneer
60%
Novel 2004 Exile's Return
40%
Novel 2006 Into a Dark Realm
40%
Novel 2002 Talon of the Silver Hawk
40%
Novel 2012 A Crown Imperilled
20%
Novella 2013 Krondor: Jimmy and the Crawler
20%
Novel 1999 Krondor: The Assassins
20%
Novel 2013 Magician's End
20%
Companion Book 2013 Midkemia: The Chronicles of Pug
20%
Novel 2009 Rides a Dread Legion
20%
Novel 2008 Wrath of a Mad God
20%
Novel 2011 A Kingdom Besieged
0%
Novel 2009 At the Gates of Darkness
0%
Novel 2005 Flight of the Nighthawks
0%
Short Story 1997 Geroldo's Incredible Trick
0%
Novel 2001 Honoured Enemy
0%
Supplement 1982 Jonril: Gateway to the Sunken Lands
0%
Novel 2018 King of Ashes
0%
Novel 2003 King of Foxes
0%
Novel 2000 Krondor: Tear of the Gods
0%
Novel TBA Master of Furies
0%
Novel 2002 Murder in LaMut
0%
Short Story 2002 One to Go
0%
Short Story 1982 Profit and the Grey Assassin
0%
Novel 2020 Queen of Storms
0%
Novel 1994 Shadow of a Dark Queen
0%
Short Story 2003 The Messenger
0%
Short Story 1998 The Wood Boy
0%
Supplement 1981 Tulan of the Isles
0%
Short Story 2004 Watchfire
0%
No matching quizzes found
Score Distribution
Percent of People with Each Score
Percentile by Number Answered
Your Score History
You have not taken this quiz